University Home | Library Home | Institutional Repository

Initiation methodique a la grammaire generative. (Record no. 95134)

MARC details
000 -LEADER
fixed length control field 00529cam8a220016900 4500
001 - CONTROL NUMBER
control field lcf00066832
008 - FIXED-LENGTH DATA ELEMENTS--GENERAL INFORMATION
fixed length control field 760524s1974 fr b 000 0 fre
035 ## - SYSTEM CONTROL NUMBER
System control number (Sirsi) r41752
050 0# - LIBRARY OF CONGRESS CALL NUMBER
Classification number P 151 NIQ 1974
100 1# - MAIN ENTRY--PERSONAL NAME
Personal name Nique, Christian.
Linkage A102164.1
245 10 - TITLE STATEMENT
Title Initiation methodique a la grammaire generative.
260 ## - PUBLICATION, DISTRIBUTION, ETC.
Place of publication, distribution, etc. Paris,
Name of publisher, distributor, etc. A. Colin
Date of publication, distribution, etc. [1974]
490 0# - SERIES STATEMENT
Series statement Linguistique
Linkage S13080.1
504 ## - BIBLIOGRAPHY, ETC. NOTE
Bibliography, etc. note Bibliography: p. 171-[173].
650 #0 - SUBJECT ADDED ENTRY--TOPICAL TERM
Topical term or geographic name entry element Generative grammar.
Linkage S3802.1
949 ## - LOCAL PROCESSING INFORMATION (OCLC)
a P151
w lcc
i -50799
m MAIN
t BOOK
l ON-SHELF

No items available.

© 2026 - The University of Zambia Library - Koha v25.11